[Event "AUTO-INT-2321"]
[Site "http://www.queenalice.com/game.php?id=1059592"]
[Date "2012.5.14"]
[Round "1"]
[White "Goudan"]
[Black "Mayaune"]
[Result "1-0"]
[WhiteElo "1406"]
[BlackElo "1373"]

1. e4 e5 2. Nf3 Nc6 3. Nc3 Nf6 4. Bc4 Bc5 5. O-O O-O 6. a3 Nd4 7. Nxd4 Bxd4 8.
d3 c6 9. Ne2 Bb6 10. Be3 Bxe3 11. fxe3 d5 12. exd5 cxd5 13. Bb3 1-0

[Event "AUTO-INT-2321"]
[Site "http://www.queenalice.com/game.php?id=1059593"]
[Date "2012.5.14"]
[Round "1"]
[White "Mayaune"]
[Black "Goudan"]
[Result "1-0"]
[WhiteElo "1396"]
[BlackElo "1423"]

1. e4 e5 2. Nf3 Nc6 3. c3 Nf6 4. Bc4 Bc5 5. O-O O-O 6. d4 exd4 7. cxd4 Bb6 8. d5
Na5 9. Be2 Nxe4 10. Qa4 Nc5 11. Qc2 d6 12. Ng5 Qf6 13. Qxh7# 1-0

[Event "AUTO-INT-2321"]
[Site "http://www.queenalice.com/game.php?id=1059604"]
[Date "2012.5.14"]
[Round "1"]
[White "Mayaune"]
[Black "stephane8cr"]
[Result "1-0"]
[WhiteElo "1366"]
[BlackElo "1785"]

1. e4 d6 2. d4 Nf6 3. Nc3 g6 4. Bc4 Bg7 5. Nf3 c6 6. O-O b5 7. Bb3 Bg4 8. Bf4 b4
9. Ne2 Nxe4 10. Ng3 Nxg3 11. fxg3 Nd7 12. Qe1 Qb6 13. Bxd6 Bxf3 14. Qxe7# 1-0

[Event "AUTO-INT-2321"]
[Site "http://www.queenalice.com/game.php?id=1059605"]
[Date "2012.5.14"]
[Round "1"]
[White "stephane8cr"]
[Black "Mayaune"]
[Result "0-1"]
[WhiteElo "1632"]
[BlackElo "1354"]

1. e4 e5 2. Nf3 Nc6 3. Bb5 d6 4. d4 Bd7 5. Nc3 Nf6 6. Bg5 Be7 7. d5 Nd4 8. Bxd7+
Qxd7 9. Nxd4 O-O 10. Nf5 h6 11. Be3 Bd8 12. g4 Nh7 13. h4 Nf6 14. g5 Nxe4 15.
Nxe4 Qxf5 16. Ng3 Qd7 0-1

[Event "AUTO-OPEN-2722"]
[Site "http://www.queenalice.com/game.php?id=1075762"]
[Date "2012.6.24"]
[Round "1"]
[White "Mayaune"]
[Black "rpalmero"]
[Result "0-1"]
[WhiteElo "1472"]
[BlackElo "1933"]

1. e4 c5 2. c4 e6 3. Nc3 Nc6 4. Nf3 a6 5. d4 cxd4 6. Nxd4 Qc7 7. Nxc6 bxc6 8. g3
Bb7 9. Be3 Nf6 10. Bg2 Bb4 11. O-O Bxc3 12. bxc3 c5 13. Qa4 Nxe4 14. Bxe4 Bxe4
15. Rfd1 Bc6 16. Qb3 d6 17. Rd2 O-O 18. Rad1 Rfd8 19. Bg5 f6 20. Be3 Rab8 21.
Qc2 Ba8 0-1

[Event "AUTO-OPEN-2722"]
[Site "http://www.queenalice.com/game.php?id=1075763"]
[Date "2012.6.24"]
[Round "1"]
[White "rpalmero"]
[Black "Mayaune"]
[Result "1-0"]
[WhiteElo "1935"]
[BlackElo "1470"]

1. e4 e5 2. Nf3 Nc6 3. Bc4 Nf6 4. Nc3 d6 5. d3 Be7 6. Be3 O-O 7. O-O Bg4 8. h3
Bh5 9. g4 Nxg4 10. hxg4 Bxg4 11. Nd5 Kh8 12. Kg2 f5 13. Rh1 fxe4 14. dxe4 Bxf3+
15. Qxf3 Rxf3 16. Kxf3 Qf8+ 17. Ke2 Nd4+ 18. Bxd4 exd4 19. Rh3 Bg5 20. Rah1 h6
21. Rh5 c5 22. Rxg5 1-0

[Event "AUTO-OPEN-2722"]
[Site "http://www.queenalice.com/game.php?id=1075764"]
[Date "2012.6.24"]
[Round "1"]
[White "Mayaune"]
[Black "fluffybunnyfeet"]
[Result "0-1"]
[WhiteElo "1368"]
[BlackElo "2143"]

1. e4 c5 2. c4 Nc6 3. Nf3 g6 4. Nc3 Bg7 5. d4 cxd4 6. Nxd4 Nxd4 7. Qxd4 Bxd4 8.
Be3 Bxe3 9. fxe3 Nf6 10. e5 Ng4 11. e4 Nxe5 12. O-O-O Qa5 13. b3 Qxc3+ 14. Kb1
d6 15. Rc1 Qd4 16. Be2 Qxe4+ 0-1

[Event "AUTO-OPEN-2722"]
[Site "http://www.queenalice.com/game.php?id=1075765"]
[Date "2012.6.24"]
[Round "1"]
[White "fluffybunnyfeet"]
[Black "Mayaune"]
[Result "1-0"]
[WhiteElo "2162"]
[BlackElo "1375"]

1. e4 e5 2. Nf3 d6 3. d4 Bg4 4. dxe5 Nc6 5. Bb5 Ne7 6. exd6 Qxd6 7. Qxd6 cxd6 8.
Nbd2 O-O-O 9. h3 Bh5 10. O-O a6 11. Bxc6 Nxc6 12. c3 Be7 13. Nd4 Nxd4 14. cxd4
d5 15. e5 h6 16. f4 Bh4 17. Nf3 Be7 18. g4 Bg6 19. Be3 Be4 20. Nd2 Bh4 21. Bf2
Be7 22. Nxe4 dxe4 23. Rfe1 g5 24. f5 Bb4 25. Rxe4 Rhe8 26. Kg2 b5 27. Kf3 Ba5
28. Rc1+ 1-0

[Event "AUTO-INT-2361"]
[Site "http://www.queenalice.com/game.php?id=1075807"]
[Date "2012.6.24"]
[Round "1"]
[White "SunKite"]
[Black "Mayaune"]
[Result "1-0"]
[WhiteElo "1537"]
[BlackElo "1395"]

1. e4 e5 2. Qf3 Nf6 3. Nc3 c6 4. g4 Bc5 5. g5 Ng8 6. h4 Qb6 7. Nh3 d5 8. exd5
Bd7 9. Ne4 Bxh3 10. Bxh3 Ne7 11. d3 Nxd5 12. Rg1 Nf4 13. Bf5 1-0

[Event "AUTO-INT-2361"]
[Site "http://www.queenalice.com/game.php?id=1075808"]
[Date "2012.6.24"]
[Round "1"]
[White "Mayaune"]
[Black "SunKite"]
[Result "0-1"]
[WhiteElo "1385"]
[BlackElo "1547"]

1. e4 e5 2. Nf3 Qf6 3. Nc3 c6 4. Bc4 b5 5. Bb3 b4 6. Na4 g5 7. d3 g4 8. Ng5 h6
9. Nxf7 Rh7 10. Qxg4 Ne7 11. Nc5 Rxf7 12. Bxf7+ Qxf7 0-1

[Event "AUTO-INT-2361"]
[Site "http://www.queenalice.com/game.php?id=1075821"]
[Date "2012.6.24"]
[Round "1"]
[White "GustavoFS"]
[Black "Mayaune"]
[Result "1-0"]
[WhiteElo "1816"]
[BlackElo "1453"]

1. e4 e5 2. Nf3 Nc6 3. Nc3 Nf6 4. d3 Bb4 5. Bd2 Bxc3 6. Bxc3 d6 7. Be2 O-O 8.
Qd2 Bg4 9. h3 Bh5 10. g4 Bg6 11. h4 h6 12. h5 Bh7 13. g5 Nxe4 14. dxe4 hxg5 15.
Nxg5 f6 16. Nxh7 Kxh7 17. h6 g6 18. O-O-O Rf7 19. Rdg1 Qg8 20. f4 Raf8 21. Bh5
exf4 22. Bxg6+ Qxg6 23. Rxg6 Kxg6 24. Qxf4 Ne5 25. h7 1-0

[Event "AUTO-INT-2361"]
[Site "http://www.queenalice.com/game.php?id=1075822"]
[Date "2012.6.24"]
[Round "1"]
[White "Mayaune"]
[Black "GustavoFS"]
[Result "0-1"]
[WhiteElo "1451"]
[BlackElo "1818"]

1. e4 e5 2. Nf3 Nc6 3. c3 Nf6 4. Bc4 Qe7 5. Qe2 Na5 6. Bb3 Nxb3 7. axb3 d6 8. d3
Be6 9. Bg5 h6 10. Bh4 g5 11. Bg3 h5 12. Nxg5 h4 13. Nxe6 Qxe6 14. Bxe5 dxe5 15.
Nd2 h3 16. gxh3 Qxh3 17. O-O-O O-O-O 18. f3 Rd6 19. Nc4 Ra6 20. Kb1 Rg8 21. Nxe5
Rg2 22. Qe3 Ba3 23. bxa3 Rxa3 24. Nc4 Rxb3+ 0-1

[Event "AUTO-INT-2361"]
[Site "http://www.queenalice.com/game.php?id=1075829"]
[Date "2012.6.24"]
[Round "1"]
[White "JeanCanada"]
[Black "Mayaune"]
[Result "1-0"]
[WhiteElo "1550"]
[BlackElo "1377"]

1. e4 e5 2. Qf3 Nc6 3. Bc4 Nf6 4. Nh3 Nd4 5. Qd1 d5 6. exd5 c5 7. a4 b6 8. c3
Nf5 9. Qe2 Nxd5 10. Qxe5+ Nde7 11. Ng5 f6 12. Bf7+ Kd7 13. Qe4 Ba6 14. Be6+ Kc7
15. Bxf5 Nxf5 16. Ne6+ 1-0

[Event "AUTO-INT-2361"]
[Site "http://www.queenalice.com/game.php?id=1075830"]
[Date "2012.6.24"]
[Round "1"]
[White "Mayaune"]
[Black "JeanCanada"]
[Result "0-1"]
[WhiteElo "1425"]
[BlackElo "1543"]

1. e4 e5 2. Nf3 Nf6 3. d3 Bc5 4. Bg5 h6 5. Bh4 g5 6. Nxg5 Rf8 7. Qh5 Nxh5 8. Nf3
f6 9. Be2 Nf4 10. Nc3 Rg8 11. g3 Ng6 12. O-O-O Bxf2 13. Nd5 c6 14. Nxf6+ Kf7 15.
Ng4 Qb6 16. Nxh6+ Kg7 17. Nxg8 Kxg8 18. Bg5 d6 19. b3 Bg4 20. Rdf1 Be3+ 21. Kb1
Na6 22. Nh4 Nxh4 23. Bxg4 Kg7 24. gxh4 Nb4 25. Bf6+ Kg6 26. h5+ Kh6 27. Be7 Qc7
0-1

[Event "AUTO-INT-2376"]
[Site "http://www.queenalice.com/game.php?id=1080799"]
[Date "2012.7.9"]
[Round "1"]
[White "Mayaune"]
[Black "oevidalr"]
[Result "0-1"]
[WhiteElo "1468"]
[BlackElo "1675"]

1. e4 e5 2. Nf3 Nc6 3. c3 Nf6 4. Qc2 h6 5. d4 d6 6. d5 Ne7 7. Bb5+ Bd7 8. Bxd7+
Nxd7 9. O-O c6 10. c4 Ng6 11. Nc3 Be7 0-1

[Event "AUTO-INT-2376"]
[Site "http://www.queenalice.com/game.php?id=1080800"]
[Date "2012.7.9"]
[Round "1"]
[White "oevidalr"]
[Black "Mayaune"]
[Result "1-0"]
[WhiteElo "1683"]
[BlackElo "1460"]

1. e4 e5 2. Nf3 Nc6 3. Nc3 Bc5 4. a3 a5 5. h3 Nf6 6. Bc4 O-O 7. O-O d6 8. d3 Be6
9. Bxe6 fxe6 10. Bg5 Nd4 11. b3 1-0

[Event "AUTO-INT-2376"]
[Site "http://www.queenalice.com/game.php?id=1080801"]
[Date "2012.7.9"]
[Round "1"]
[White "Mayaune"]
[Black "santiaguinoazul"]
[Result "0-1"]
[WhiteElo "1414"]
[BlackElo "1570"]

1. e4 e5 2. Nf3 Nc6 3. c3 Nf6 4. Qc2 d5 5. Bb5 dxe4 6. Nxe5 Bd6 7. Nxc6 Qd7 8.
Nd4 c6 9. Ba4 b5 10. Bb3 c5 11. Ne2 c4 12. Nd4 cxb3 13. Qxb3 O-O 14. Qxb5 Qxb5
0-1

[Event "AUTO-INT-2376"]
[Site "http://www.queenalice.com/game.php?id=1080802"]
[Date "2012.7.9"]
[Round "1"]
[White "santiaguinoazul"]
[Black "Mayaune"]
[Result "1-0"]
[WhiteElo "1580"]
[BlackElo "1404"]

1. e4 e5 2. Nf3 d6 3. Nc3 c6 4. d4 Bg4 5. d5 c5 6. Be2 Nf6 7. h3 Bh5 8. Bb5+
Nbd7 9. Bg5 a6 10. Bxd7+ Qxd7 11. g4 Nxg4 12. Na4 Qxa4 13. hxg4 Qxe4+ 14. Be3
1-0

[Event "AUTO-INT-2376"]
[Site "http://www.queenalice.com/game.php?id=1080803"]
[Date "2012.7.9"]
[Round "1"]
[White "Mayaune"]
[Black "Guillie"]
[Result "0-1"]
[WhiteElo "1414"]
[BlackElo "1829"]

1. e4 e5 2. Nf3 d6 3. g3 Nf6 4. d3 Nc6 5. Bg2 g6 6. Bg5 Bg7 7. O-O Bg4 8. Nbd2
Qd7 9. h3 Bxh3 10. Bxh3 Qxh3 11. Bh4 h6 12. Qe2 g5 0-1

[Event "AUTO-INT-2376"]
[Site "http://www.queenalice.com/game.php?id=1080804"]
[Date "2012.7.9"]
[Round "1"]
[White "Guillie"]
[Black "Mayaune"]
[Result "1-0"]
[WhiteElo "1829"]
[BlackElo "1414"]

1. e4 e5 2. Nf3 Nc6 3. d3 d6 4. Nc3 Nf6 5. g3 Be7 6. Bg2 Nd4 7. Nd5 Nxf3+ 8.
Bxf3 Nxd5 9. exd5 b6 10. c4 O-O 11. b3 Bh3 12. Be4 Bg5 13. Qh5 1-0